<?xml version="1.0" encoding="UTF-8"?>
<record
    xmlns:xsi="http://www.w3.org/2001/XMLSchema-instance"
    xsi:schemaLocation="http://www.loc.gov/MARC21/slim http://www.loc.gov/standards/marcxml/schema/MARC21slim.xsd"
    xmlns="http://www.loc.gov/MARC21/slim">

  <leader>03053cam a22003738i 4500</leader>
  <controlfield tag="001">21742377</controlfield>
  <controlfield tag="003">EG-ScBUE</controlfield>
  <controlfield tag="005">20230312124041.0</controlfield>
  <controlfield tag="008">201002s2021    enka   f b    001 0 eng d</controlfield>
  <datafield tag="020" ind1=" " ind2=" ">
    <subfield code="a">9780367445348</subfield>
  </datafield>
  <datafield tag="040" ind1=" " ind2=" ">
    <subfield code="a">DLC</subfield>
    <subfield code="b">eng</subfield>
    <subfield code="e">rda</subfield>
    <subfield code="c">DLC</subfield>
    <subfield code="d">EG-ScBUE</subfield>
  </datafield>
  <datafield tag="082" ind1="0" ind2="0">
    <subfield code="a">320.6</subfield>
    <subfield code="2">22</subfield>
    <subfield code="b">HIL</subfield>
  </datafield>
  <datafield tag="100" ind1="1" ind2=" ">
    <subfield code="a">Hill, Michael J.</subfield>
    <subfield code="q">(Michael James),</subfield>
    <subfield code="d">1937-</subfield>
    <subfield code="e">author.</subfield>
  </datafield>
  <datafield tag="245" ind1="1" ind2="4">
    <subfield code="a">The public policy process /</subfield>
    <subfield code="c">Michael Hill and Fr&#xE9;d&#xE9;ric Varone.</subfield>
  </datafield>
  <datafield tag="250" ind1=" " ind2=" ">
    <subfield code="a">Eighth edition.</subfield>
  </datafield>
  <datafield tag="264" ind1=" " ind2="1">
    <subfield code="a">Abingdon, Oxon ;</subfield>
    <subfield code="a">New York, NY :</subfield>
    <subfield code="b">Routledge,</subfield>
    <subfield code="c">2021.</subfield>
  </datafield>
  <datafield tag="300" ind1=" " ind2=" ">
    <subfield code="a">xii, 388 pages :</subfield>
    <subfield code="b">illustrations ;</subfield>
    <subfield code="c">24 cm</subfield>
  </datafield>
  <datafield tag="336" ind1=" " ind2=" ">
    <subfield code="a">text</subfield>
    <subfield code="b">txt</subfield>
    <subfield code="2">rdacontent</subfield>
  </datafield>
  <datafield tag="337" ind1=" " ind2=" ">
    <subfield code="a">unmediated</subfield>
    <subfield code="b">n</subfield>
    <subfield code="2">rdamedia</subfield>
  </datafield>
  <datafield tag="338" ind1=" " ind2=" ">
    <subfield code="a">volume</subfield>
    <subfield code="b">nc</subfield>
    <subfield code="2">rdacarrier</subfield>
  </datafield>
  <datafield tag="504" ind1=" " ind2=" ">
    <subfield code="a">Includes bibliographical references and index.</subfield>
  </datafield>
  <datafield tag="505" ind1="0" ind2=" ">
    <subfield code="a">Part 1 Policy Theories -- Studying the policy process -- Theories of power and the policy process -- Interests and groups -- Institutional theory -- Comparative policy process Studies -- Integrating theoretical approaches -- Part 2 Analysis of the Policy Process -- Policy and politics -- Agenda setting -- Policy formulation -- Implementation: an overview -- Bureaucracy: organisational structures and processes -- Discretion, rules and street-level bureaucracy -- The policy process in the age of governance -- Conclusion: evaluation and accountability.</subfield>
  </datafield>
  <datafield tag="520" ind1=" " ind2=" ">
    <subfield code="a">"The Public Policy Process is essential reading for anyone trying to understand the process by which public policy is made. Explaining clearly the importance of the relationship between theoretical and practical aspects of policymaking, the book gives a thorough overview of the people and organisations involved in the process. Fully revised and updated for an 8th edition, The Public Policy Process provides: Clear exploration, using many illustrations, of how policy is made and implemented; Examines challenges to effective policy making in critical areas - such as inequality and climate change - including the influence of powerful interests and the Covid-19 pandemic ; New material on unequal democracies, interest groups influence, behavioural policy analysis, global policies and evidence-based decision making;  Additional European and comparative international examples. This text is essential reading for students of public policy, public administration and management, as well as more broadly highly relevant to related courses in health and nursing, social welfare, environment, development and local government"--</subfield>
    <subfield code="c">Provided by publisher.</subfield>
  </datafield>
  <datafield tag="650" ind1=" " ind2="7">
    <subfield code="a">Policy sciences.</subfield>
    <subfield code="2">BUEsh</subfield>
  </datafield>
  <datafield tag="650" ind1=" " ind2="7">
    <subfield code="a">Bureaucracy.</subfield>
    <subfield code="2">BUEsh</subfield>
  </datafield>
  <datafield tag="653" ind1=" " ind2=" ">
    <subfield code="b">BUSBOL</subfield>
    <subfield code="c">March2023</subfield>
  </datafield>
  <datafield tag="655" ind1=" " ind2=" ">
    <subfield code="v">Reading book</subfield>
  </datafield>
  <datafield tag="700" ind1="1" ind2=" ">
    <subfield code="a">Varone, Fr&#xE9;d&#xE9;ric,</subfield>
    <subfield code="e">author.</subfield>
  </datafield>
  <datafield tag="776" ind1="0" ind2="8">
    <subfield code="i">Online version:</subfield>
    <subfield code="a">Hill, Michael,</subfield>
    <subfield code="t">The public policy process</subfield>
    <subfield code="b">Eighth edition.</subfield>
    <subfield code="d">bingdon, Oxon ; New York, NY : Routledge, 2021.</subfield>
    <subfield code="z">9781003010203</subfield>
    <subfield code="w">(DLC) 2020044562</subfield>
  </datafield>
  <datafield tag="906" ind1=" " ind2=" ">
    <subfield code="a">7</subfield>
    <subfield code="b">cbc</subfield>
    <subfield code="c">orignew</subfield>
    <subfield code="d">1</subfield>
    <subfield code="e">ecip</subfield>
    <subfield code="f">20</subfield>
    <subfield code="g">y-gencatlg</subfield>
  </datafield>
  <datafield tag="942" ind1=" " ind2=" ">
    <subfield code="2">ddc</subfield>
    <subfield code="c">BB</subfield>
  </datafield>
  <datafield tag="999" ind1=" " ind2=" ">
    <subfield code="c">30248</subfield>
    <subfield code="d">30219</subfield>
  </datafield>
  <datafield tag="952" ind1=" " ind2=" ">
    <subfield code="0">0</subfield>
    <subfield code="1">0</subfield>
    <subfield code="2">ddc</subfield>
    <subfield code="4">0</subfield>
    <subfield code="7">0</subfield>
    <subfield code="8">Alahram</subfield>
    <subfield code="a">MAIN</subfield>
    <subfield code="b">MAIN</subfield>
    <subfield code="c">1ST</subfield>
    <subfield code="d">2023-03-12</subfield>
    <subfield code="e">Purchase</subfield>
    <subfield code="g">719.00</subfield>
    <subfield code="h">190</subfield>
    <subfield code="l">0</subfield>
    <subfield code="o">320.6 HIL</subfield>
    <subfield code="p">000044895</subfield>
    <subfield code="r">2025-07-15 00:00:00</subfield>
    <subfield code="v">898.75</subfield>
    <subfield code="w">2023-03-12</subfield>
    <subfield code="y">BB</subfield>
  </datafield>
</record>
